Operačné riziká finančných inštitúcií

Operačné riziká poisťovní so sídlom v Slovenskej republike. Definície operačného rizika jednotlivých poisťovní. Regulácia operačných rizík podľa Solventnosti II.

Salvato in:
Dettagli Bibliografici
Autore principale: Krátka, Zuzana, 1968-
Natura: Capitolo di libro
Lingua:slovacco
Soggetti:
Tags: Aggiungi Tag
Nessun Tag, puoi essere il primo ad aggiungerne!!

MARC

LEADER 00000naa$a2200000$$$4500
001 0249107
005 20240502074001.7
041 0 |a slo 
044 |a SK 
245 1 0 |a Operačné riziká finančných inštitúcií  |c Zuzana Krátka 
520 |a Operačné riziká poisťovní so sídlom v Slovenskej republike. Definície operačného rizika jednotlivých poisťovní. Regulácia operačných rizík podľa Solventnosti II. 
610 2 0 |a poisťovníctvo 
610 2 0 |a poisťovne 
610 2 0 |a riziko operačné 
610 2 0 |a regulácia 
610 2 0 |a solventnosť 
610 2 0 |a Slovensko 
100 1 |a Krátka, Zuzana, 1968-